| Поле | Инд. | ПП | Название | Значение |
|---|---|---|---|---|
| Тип записи | a | |||
| Библиографический уровень | a | |||
| 001 | Контрольный номер | 79a084a0d35c4b6cb66e002afd2cc469 | ||
| 005 | Дата корректировки | 20200407131656.7 | ||
| 100 | a | Данные общей обработки | 20190205 ||| 0rusy0189 ca | |
| 101 | 0_ | a | Язык текста | rus |
| 102 | a | Страна публикации | RU | |
| 200 | 1_ | f | Первые сведения об ответственности | Н.В. Акимова |
| a | Заглавие | Становление концептуальных основ правовой политики в сфере борьбы с преступностью в Московском государстве (часть I) | ||
| b | Общее обозначение материала | Текст | ||
| 210 | 1_ | d | Дата издания | 2019 |
| 461 | _0 | 1 | 2000 | |
| a | История государства и права | |||
| 463 | _0 | 1 | 2000 | |
| a | № 1 | |||
| v | С. 50-55 | |||
| 1 | 2101 | |||
| d | 2019 | |||
| 1 | 0010514c02c72b545a98c780f3817d78942 | |||
| 606 | a | Основная рубрика | Право. Юридические науки | |
| x | Основная подрубрика | Уголовное право | ||
| 610 | 0_ | a | Ключевые слова | ИСТОРИЯ ПРАВА РОССИИ |
| a | Ключевые слова | УГОЛОВНАЯ ПОЛИТИКА | ||
| a | Ключевые слова | ПРЕСТУПЛЕНИЕ ПРОФИЛАКТИКА | ||
| a | Ключевые слова | ПРЕСТУПЛЕНИЕ ПРОФИЛАКТИКА | ||
| a | Ключевые слова | УГОЛОВНОЕ ПРАВО | ||
| 700 | _1 | a | Фамилия | Акимова |
| b | Имя | Н.В. | ||
| 801 | _0 | a | Страна | RU |
| b | Организация | РГУП | ||
| c | Дата составления | 20190205 | ||
| g | Правила каталогизации | PSBO | ||
| 801 | _1 | a | Страна | RU |
| b | Организация | РГУП | ||
| c | Дата составления | 20190205 | ||
| g | Правила каталогизации | PSBO | ||
| 901 | t | Тип документа | b | |
| w | Контрольный № источника | 0514c02c72b545a98c780f3817d78942 | ||
| 905 | a | Дата ввода | 20190205 |